000 00602nam a2200181 i 4500
001 145746
003 ES-MaACL
005 20250602063233.0
007 t|
008 071016s1972 sp ||||1| spa d
100 1 _aVereiter, Karl von,
_d1918-1996
_9114070
245 1 0 _aYo no conocí la paz /
_cKarl von Vereiter ; [versión E. Sánchez Pascual].
260 _aBarcelona :
_bPetronio,
_c[1972]
300 _a351 p. ;
_c21 cm.
700 1 _aSánchez Pascual, Enrique.
_9102835
852 _aES-MaACL
_jC-42418
_bR.81120
_q. - Ejemplar con defectos de impresión
999 _c145746
_d145746